000 00468nam a2200169 a 4500
005 20140121151144.0
008 140121b2002 ck ||||| |||| 00| 0 spa d
041 _aspa
044 _ack
090 _aIAvH
_b00220
100 _aLinares, Edgar L.
_94618
245 _aLibro rojo de briófitas de Colombia
260 _aBogotá
_bICN
_bMinambiente
_bUniversidad Nacional de Colombia
_c2002
300 _a170
700 _aUribe Meléndez, Jaime
_94619
942 _cCD-ROM
_2z
999 _c2900
_d2900